Normal view MARC view

Entry Personal Name

Number of records used in: 1

001 - CONTROL NUMBER

  • control field: 9152

003 - CONTROL NUMBER IDENTIFIER

  • control field: DLC

005 - DATE AND TIME OF LATEST TRANSACTION

  • control field: 20221003142156.0

008 - FIXED-LENGTH DATA ELEMENTS

  • fixed length control field: 790905n| acannaab| |n aaa |||

010 ## - LIBRARY OF CONGRESS CONTROL NUMBER

  • LC control number: n 79097052

040 ## - CATALOGING SOURCE

  • Original cataloging agency: DLC
  • Transcribing agency: DLC

100 10 - HEADING--PERSONAL NAME

  • Personal name: Toledo, Romeo T.

670 ## - SOURCE DATA FOUND

  • Source citation: His Fundamentals of food process engineering, c1979:
  • Information found: t.p. (Romeo T. Toledo, Univ. of Ga.)

Powered by Koha